000 00512nam a2200181Ia 4500
005 20250508153223.0
008 008 250505s9999 xx 000 0 eng d
037 _aTextual
040 _aFEDL
_beng
_cFEDL
041 _aeng
_2eng
084 _a312, YAT
_qFEDL
100 _aYates Frank
245 0 _aSampling methods for censuses and surveys
260 _aLondon, UK
_bCharles Griffin and Company Limited
_c1960
300 _axvi,440p.
942 _cTEXL
_h312, YAT
999 _c1341341
_d1341341